| 000 | 01196nab a22002177a 4500 | ||
|---|---|---|---|
| 999 |
_c6419 _d6419 |
||
| 003 | OSt | ||
| 005 | 20260202133259.0 | ||
| 008 | 190429b xxu||||| |||| 00| 0 spa d | ||
| 040 | _cPJ | ||
| 100 |
_aCartolano, Mariano J. _97053 |
||
| 245 | 1 | 0 |
_a"Ni santas, ni pecadoras" : _bdéficits de género en la imputación a la mujer del homicidio agravado por el vínculo en comisión por omisión / _cMariano J. Cartolano, Nerea L. Riolfo. |
| 260 |
_cCiudad Autónoma de Buenos Aires : _aThomson Reuters La Ley, _b2023. |
||
| 300 | _ap. 83-94 | ||
| 500 | _aCita Online: AR/DOC/2386/2023. | ||
| 505 | _aSumario: I. Introducción.— II. La omisión impropia o "comisión por omisión": elementos estructurales.— III. Problemática en torno al principio de legalidad.— IV. La determinación de la posición de garante.— V. Análisis del caso. | ||
| 505 | _tSi te interesa el texto completo, solicitalo a koha@justierradelfuego.gov.ar | ||
| 650 | 0 |
_9343 _aDERECHO PENAL |
|
| 700 |
_97054 _aRiolfo, Nerea L. |
||
| 773 | 0 |
_02658 _93164 _tRevista de derecho penal y criminología. Nº 10 - Noviembre 2023 _dCiudad Autónoma de Buenos Aires : Thomson Reuters La Ley, 2017- _x00347914 |
|
| 942 |
_2udc _cANA |
||